Redes de datos inalámbricas de área local en Costa Rica
সংরক্ষণ করুন:
| প্রধান লেখক: | |
|---|---|
| অন্যান্য লেখক: | , |
| বিন্যাস: | গ্রন্থ |
| প্রকাশিত: |
San José, C.R.
1999
|
| বিষয়গুলি: | |
| ট্যাগগুলো: |
ট্যাগ যুক্ত করুন
কোনো ট্যাগ নেই, প্রথমজন হিসাবে ট্যাগ করুন!
|
MARC
| LEADER | 00000nam a2200000Ia 4500 | ||
|---|---|---|---|
| 003 | 010105 | ||
| 005 | 20240515101433.0 | ||
| 008 | 140114s1999 cr a m 000 ||s d | ||
| 040 | |c cru CEDI | ||
| 090 | |a TFG 4117 | ||
| 100 | |a Segura Castillo, Alejandro, 1972- |9 3033 | ||
| 245 | |a Redes de datos inalámbricas de área local en Costa Rica | ||
| 260 | |c 1999 |a San José, C.R. | ||
| 300 | |a xiii, 83 hojas : ilustraciones a color | ||
| 500 | |a Proyecto de graduación (bachillerato en ingeniería eléctrica)--Universidad de Costa Rica. Facultad de Ingeniería. Escuela de Ingeniería Eléctrica | ||
| 501 | |a Profesor Guía de Proyecto Eléctrico: Ing. Víctor Hugo Chacón Prendas | ||
| 650 | |x REDES DE AREA LOCAL (COMPUTADORAS) |9 8259 | ||
| 700 | |a Medina Molina, Edgar, 1974- |9 3032 | ||
| 700 | |a Chacón Prendas, Víctor Hugo, 1950- |d Director de Proyecto Eléctrico |9 1745 | ||
| 942 | |c TFG |h TFG 4117 |i 010105 |6 TFG_4117_010105000000000 | ||
| 999 | |c 18320 |d 18320 | ||
